000 00954cam a2200277 4500
001 143781
003 SpMaBN
005 20250814063231.0
008 890424s1982 sp a 0 spa
016 7 _abimoBNE19921857584
_zIBH82024383
_2SpMaBN
017 _aM 9157-1982
_bOficina Depósito Legal Madrid
020 _a843006639X
035 _a(OCoLC)434534543
040 _aIBH
_bspa
_cSpMaBN
_erdc
_dES-MaACL
080 _a860-32"19"
100 1 _aSevylla de Juana, Pedro,
_d1946-
_0XX1012282
_9105937
245 1 0 _aRelato breve de los increíbles sucesos ocurridos en el principado /
_cP. Sevilla de Juana
260 _aMadrid :
_bEl autor,
_cimp. 1982
300 _a55 p. ;
_bil.
_c22 cm
490 0 _aColección Gris y Pardo : Serie Cuentos ;
_v1
655 7 _2tgfbne
_9226829
_aCuentos
830 _aGris y Pardo. Serie Cuentos
_v1
_9220606
942 _2udc
_cMONOGRAFIA
999 _c143781
_d143781